<?xml version="1.0" encoding="UTF-8"?><?xml-stylesheet type="text/xsl" href="static/style.xsl"?><OAI-PMH xmlns="http://www.openarchives.org/OAI/2.0/" xmlns:xsi="http://www.w3.org/2001/XMLSchema-instance" xsi:schemaLocation="http://www.openarchives.org/OAI/2.0/ http://www.openarchives.org/OAI/2.0/OAI-PMH.xsd"><responseDate>2026-06-05T16:16:55Z</responseDate><request verb="GetRecord" identifier="oai:riuma.uma.es:10630/13485" metadataPrefix="marc">https://riuma.uma.es/rest/oai/request</request><GetRecord><record><header><identifier>oai:riuma.uma.es:10630/13485</identifier><datestamp>2026-02-03T10:22:39Z</datestamp><setSpec>com_10630_1685</setSpec><setSpec>col_10630_38055</setSpec></header><metadata><record xmlns="http://www.loc.gov/MARC21/slim" xmlns:dcterms="http://purl.org/dc/terms/" xmlns:doc="http://www.lyncode.com/xoai" xmlns:xsi="http://www.w3.org/2001/XMLSchema-instance" xsi:schemaLocation="http://www.loc.gov/MARC21/slim http://www.loc.gov/standards/marcxml/schema/MARC21slim.xsd">
   <leader>00925njm 22002777a 4500</leader>
   <datafield ind2=" " ind1=" " tag="042">
      <subfield code="a">dc</subfield>
   </datafield>
   <datafield ind2=" " ind1=" " tag="720">
      <subfield code="a">Ruiz Nieto., Francisco José</subfield>
      <subfield code="e">author</subfield>
   </datafield>
   <datafield ind2=" " ind1=" " tag="260">
      <subfield code="c">2017-04-21</subfield>
   </datafield>
   <datafield ind2=" " ind1=" " tag="520">
      <subfield code="a">Haciendo uso de las nuevas tecnologías, los Servicios Centrales del SAS quieren&#xd;
optimizar, la logística de todos y cada unos de sus centros sanitarios, todo ello&#xd;
dentro de una política de centralización, que les permita tener acceso a la&#xd;
información logístico-económica de cada centro de Andalucía, en tiempo real. Al&#xd;
mismo tiempo se quieren modernizar los procesos implicados en los circuitos&#xd;
actuales de la logística, para lo cual se integran:&#xd;
· En las plantas de hospitalización sistemas de almacenamiento Kanban:&#xd;
cajones con doble compartimiento, etiquetados con códigos de barra y con&#xd;
gestión de abastecimiento mediante PDAs o pequeñas tabletas electrónicas.&#xd;
· En los almacenes de las Farmacias de los grandes centros hospitalarios, para&#xd;
la gestión de la unidosis, se quiere implantar el uso de armarios electrónicos&#xd;
Kardex, para ayudar a la preparación de los carros de unidosis.&#xd;
· En las unidades con pacientes críticos (UCI, Urgencias, Oncología, con uso&#xd;
habitual de sustancia psicotrópicas), armarios electrónicos, con sistemas de&#xd;
registro de usuario que retiran los fármacos.&#xd;
· Aplicación corporativa de gestión de la historia única de pacientes, DIRAYA&#xd;
DAH de una UTE e implantado por Fujitsu.&#xd;
· Aplicación corporativa de Gestión Farmacológica ATHOS de APD.&#xd;
· Aplicación corporativa Integral de Gestión Logística SIGLO de HP.&#xd;
En nuestro caso vamos a centrar el estudio en la implantación en el Hospital&#xd;
Universitario Regional de Málaga (anteriormente conocido como Complejo&#xd;
Hospitalario Carlos Haya) y más concretamente en la Aplicación corporativa de&#xd;
Gestión Farmacológica ATHOS y sus integraciones con las demás aplicaciones&#xd;
descritas y los sistemas electrónicos de gestión logística.</subfield>
   </datafield>
   <datafield ind1="8" ind2=" " tag="024">
      <subfield code="a">http://hdl.handle.net/10630/13485</subfield>
   </datafield>
   <datafield tag="653" ind2=" " ind1=" ">
      <subfield code="a">Farmacias de Hospitales (Málaga) - Informática</subfield>
   </datafield>
   <datafield tag="653" ind2=" " ind1=" ">
      <subfield code="a">Aplicaciones (Software)</subfield>
   </datafield>
   <datafield tag="653" ind2=" " ind1=" ">
      <subfield code="a">Informática - Trabajos Fin de Grado</subfield>
   </datafield>
   <datafield tag="653" ind2=" " ind1=" ">
      <subfield code="a">Grado en Ingeniería del Software - Trabajos Fin de Grado</subfield>
   </datafield>
   <datafield ind2="0" ind1="0" tag="245">
      <subfield code="a">Estudio e implantación de sistemas logísticos informatizados aplicados a entornos hospitalarios.</subfield>
   </datafield>
</record>
</metadata></record></GetRecord></OAI-PMH>